000 00324nam a2200133Ia 4500
008 100328s9999 xx 000 0 und d
082 _b737
100 _aWaugh Evelyn
245 _aBrideshade Rivisited
260 _bChapman And Hall
630 _aBrideshade Rivisited
730 _aBrideshade Rivisited
942 _cBOOK
999 _c497063
_d497060